00471nam a2200181Ia 4500008004100000020001800041245002900059245006000088260001500148260001600163260000900179300001500188300002500203300001000228440002400238500000800262999001900270170705s9999 xx 000 0 und d a9780590224298 2aA kiss for little bear / cby Else Holmelund Minarik ; pictures by Maurice Sendak. aNew York : bScholastic, c1968 a32 pages : bcolor illustration ; c22cm. aAn I can read book. a100 c336992d336992